Building the mobile internet: (Record no. 3727)
[ view plain ]
| 000 -LEADER | |
|---|---|
| fixed length control field | 00823nam a22002417a 4500 |
| 003 - CONTROL NUMBER IDENTIFIER | |
| control field | OSt |
| 005 - DATE AND TIME OF LATEST TRANSACTION | |
| control field | 20220107122733.0 |
| 008 - FIXED-LENGTH DATA ELEMENTS--GENERAL INFORMATION | |
| fixed length control field | 140407b xxu||||| |||| 00| 0 eng d |
| 020 ## - INTERNATIONAL STANDARD BOOK NUMBER | |
| International Standard Book Number | 9788131770139 |
| 040 ## - CATALOGING SOURCE | |
| Transcribing agency | IIITM-K |
| 082 ## - DEWEY DECIMAL CLASSIFICATION NUMBER | |
| Classification number | 004.678 GRA/B;1 |
| 100 ## - MAIN ENTRY--PERSONAL NAME | |
| Personal name | Grayson, Mark |
| 9 (RLIN) | 3675 |
| 245 ## - TITLE STATEMENT | |
| Title | Building the mobile internet: |
| Remainder of title | Pervasive, ubiquitous computing technologies and protocols that are shaping the future of our mobile experience |
| Statement of responsibility, etc. | by Mark Grayson; Kevin Shatzkamer; Klaas Wierenga |
| 260 ## - PUBLICATION, DISTRIBUTION, ETC. | |
| Place of publication, distribution, etc. | New Delhi, |
| Name of publisher, distributor, etc. | Pearson, |
| Date of publication, distribution, etc. | 2012. |
| 300 ## - PHYSICAL DESCRIPTION | |
| Extent | xix, 254p. |
| 650 ## - SUBJECT ADDED ENTRY--TOPICAL TERM | |
| Topical term or geographic name entry element | COMMUNICATION ENGINEERING |
| 9 (RLIN) | 3676 |
| 650 ## - SUBJECT ADDED ENTRY--TOPICAL TERM | |
| Topical term or geographic name entry element | WIRELESS TECHNOLOGY |
| 9 (RLIN) | 3677 |
| 650 ## - SUBJECT ADDED ENTRY--TOPICAL TERM | |
| Topical term or geographic name entry element | MOBILE NETWORKS |
| 9 (RLIN) | 3678 |
| 650 ## - SUBJECT ADDED ENTRY--TOPICAL TERM | |
| Topical term or geographic name entry element | MOBILE INTERNET |
| 9 (RLIN) | 3679 |
| 700 ## - ADDED ENTRY--PERSONAL NAME | |
| Personal name | Shatzkamer, Kevin |
| 9 (RLIN) | 3680 |
| 700 ## - ADDED ENTRY--PERSONAL NAME | |
| Personal name | Wierenga, Klaas |
| 9 (RLIN) | 3681 |
| 942 ## - ADDED ENTRY ELEMENTS (KOHA) | |
| Source of classification or shelving scheme | Dewey Decimal Classification |
| Koha item type | Books |
| Withdrawn status | Lost status | Source of classification or shelving scheme | Damaged status | Not for loan | Collection code | Home library | Current library | Shelving location | Date acquired | Cost, normal purchase price | Total Checkouts | Full call number | Barcode | Date last seen | Price effective from | Koha item type |
|---|---|---|---|---|---|---|---|---|---|---|---|---|---|---|---|---|
| Dewey Decimal Classification | Computer Network / Data Communication | Kerala University of Digital Sciences, Innovation and Technology Knowledge Centre | Kerala University of Digital Sciences, Innovation and Technology Knowledge Centre | Computer Science | 07/04/2014 | 356.00 | 004.678 GRA/B;1 | 3393 | 03/12/2020 | 07/04/2014 | Books |